000 00650nam a2200205 a 4500
005 20210219160338.0
008 081013s1995 mx r 000 0 spa d
035 _aUPN01000163479
049 _aUNE
080 _aOC 791.43 (058) (100) "1995" MEM.
245 0 0 _aMemoria del mundo :
_bpatrimonio cinematográfico nacional.
260 _aParís :
_bUNESCO,
_c1995
300 _avii, 73 p.
440 0 _aCII-95/WS/7
690 _aCine - Memorias - Celebraciones de aniversarios
690 _aCinematografía - Memorias - Celebraciones de aniversarios
710 2 _aUNESCO
710 2 _aPGI.
_bPrograma General de Información
905 _aUNESCO
999 _c135592
_d135592